Sanat - "Tonttupolkka" - Statistics

Yleistilastot
  • Tätä visaa on pelattu 11 kertaa
  • Keskiarvotulos 99 / 181
Vastaustilastot
Vastaus % Oikein
on
90%
joulu
80%
tonttu
70%
tontut
70%
älä
60%
kainostele
60%
kerran
60%
sinä
60%
Tanssi
60%
turhia
60%
vaan
60%
vuodessa
60%
bassoa
50%
ja
50%
kitaraa
50%
kyllä
50%
me
50%
napsuttele
50%
rämpyttele
50%
Soita
50%
soita
50%
sormia
50%
tanssitaan
50%
harvoin
40%
niin
40%
polkka
40%
rumpuja
40%
kuin
30%
lapset
30%
meille
30%
pomputtele
30%
se
30%
soitetaan
30%
tepsuttele
30%
tonttujen
30%
näytäpä
20%
teillä
20%
kurnuttele
10%
kurttua
10%
kolistele
0%
Ehtoja vastaavia visoja ei löytynyt
Tulosjakauma
Jokaisen tuloksen saaneiden osuus
Persentiili vastausten määrän mukaan
Tuloshistoriasi
Et ole pelannut tätä visaa